SEED QUALITY (Record no. 216251)

MARC details
000 -LEADER
fixed length control field 00429nam a22001577a 4500
008 - FIXED-LENGTH DATA ELEMENTS--GENERAL INFORMATION
fixed length control field 251121b |||||||| |||| 00| 0 eng d
020 ## - INTERNATIONAL STANDARD BOOK NUMBER
International Standard Book Number 979-8-88715-313-1
100 ## - MAIN ENTRY--PERSONAL NAME
Personal name SEBASTIAN, BRUCE
245 ## - TITLE STATEMENT
Title SEED QUALITY
260 ## - PUBLICATION, DISTRIBUTION, ETC.
Place of publication, distribution, etc. DUBLIN
Name of publisher, distributor, etc. ORYSON PRESS
Date of publication, distribution, etc. 2024
300 ## - PHYSICAL DESCRIPTION
Extent VI, 290P.
500 ## - GENERAL NOTE
General note INCLUDES INDEX
650 ## - SUBJECT ADDED ENTRY
Topical term or geographic name entry element 1. SEEDS- QUALITY 2. SEEDS -TESTING 3. SEED TCHNOLOGY
942 ## - ADDED ENTRY ELEMENTS (KOHA)
Source of classification or shelving scheme Library of Congress Classification
Koha item type Long Loan Book
Holdings
Withdrawn status Lost status Source of classification or shelving scheme Damaged status Not for loan Collection Home library Current library Shelving location Date acquired Inventory number Total checkouts Full call number Barcode Date last seen Copy number Price effective from Koha item type
    Library of Congress Classification     Science & Technology Kisii University Library Kisii University Library On Display 11/21/2025 109972   SB 116 .S43 2024 000000000642 11/21/2025 C.1 11/21/2025 Long Loan Book
    Library of Congress Classification     Science & Technology Kisii University Library Kisii University Library On Display 11/21/2025 109973   SB 116 .S43 2024 000000000409 11/21/2025 C.2 11/21/2025 Long Loan Book
    Library of Congress Classification     Science & Technology Kisii University Library Kisii University Library On Display 11/21/2025 109974   SB 116 .S43 2024 000000000410 11/21/2025 C.3 11/21/2025 Long Loan Book
    Library of Congress Classification     Science & Technology Kisii University Library Kisii University Library On Display 11/21/2025 109975   SB 116 .S43 2024 000000000411 11/21/2025 C.3 11/21/2025 Long Loan Book